Africa within (Record no. 2217)

MARC details
000 - LÍDER
campo de control de longitud fija 00799nam a2200217Ia 4500
008 - ELEMENTOS DE DATOS DE LONGITUD FIJA - INFORMACIÓN GENERAL
campo de control de longitud fija 0000001996 usa 0000000000eng00
090 ## - NÚMERO DE LLAMADA DE TIPO LC LOCALMENTE ASIGNADO (OCLC)
Número de clasificación (OCLC) (R) PSA00 O77a
100 1# - ENTRADA PRINCIPAL - NOMBRE PERSONAL
Nombre de la persona Osthoff, Simone
245 10 - TÍTULO DECLARACIÓN
Título Africa within
Resto del título : Lorna Marsh
Declaración de responsabilidad / essays by Simone Osthoff ; introduction Michele March ; photography James Prinz
260 ## - PUBLICACIÓN, DISTRIBUCIÓN
Lugar de publicación Chicago : Aldo Castillo Gallery
Fecha de publicación 1996
300 ## - DESCRIPCIÓN FÍSICA
Alcance [42] p.
Dimensiones / 27 cm.
500 ## - NOTA GENERAL
Nota general Con el patronazgo del maestro venezolano Jesús Rafael Soto (q.e.p.d.)
600 00 - ENTRADA DE SUJETO AÑADIDO - NOMBRE PERSONAL
Nombre de la persona MARSH, LORNA/
Subdivisión general TRABAJOS PICTORICOS
650 14 - ENTRADA DE SUJETO AÑADIDO - TÉRMINO TÓPICO
Término tópico o elemento de entrada del nombre geográfico ANIMALES EN EL ARTE
650 14 - ENTRADA DE SUJETO AÑADIDO - TÉRMINO TÓPICO
Término tópico o elemento de entrada del nombre geográfico ARTE CONTEMPORANEO SUDAFRICANO
650 14 - ENTRADA DE SUJETO AÑADIDO - TÉRMINO TÓPICO
Subdivisión general CATALOGOS
650 14 - ENTRADA DE SUJETO AÑADIDO - TÉRMINO TÓPICO
Subdivisión general EXPOSICIONES
650 14 - ENTRADA DE SUJETO AÑADIDO - TÉRMINO TÓPICO
Término tópico o elemento de entrada del nombre geográfico PINTORES SUDAFRICANOS
650 14 - ENTRADA DE SUJETO AÑADIDO - TÉRMINO TÓPICO
Término tópico o elemento de entrada del nombre geográfico PINTURA SUDAFRICANA
700 1# - ENTRADA AGREGADA - NOMBRE PERSONAL
Nombre de la persona March, Michele \ Prinz, James
Holdings
Estado de retirada Pérdida de estatus Estado dañado No para préstamo Código de recogida Ubicación permanente Ubicación actual Ubicación de las estanterías Fecha de adquisición Número de llamada completo Código de barras Fecha de la última vez que se vio Número de copia Precio efectivo desde Tipo de artículo Koha
        General ArtNexus ArtNexus General 06/09/2022 P-SA-00 O77A 2217 06/09/2022 Ej.1 06/09/2022 Libro

Powered by Koha